Movie Pictures Starting with B - Statistics

General Stats
  • This quiz has been taken 99 times
    12 since last reset
  • The average score is 23 of 47
Answer Stats
Picture Answer % Correct
Back to the Future
100%
Batman
100%
Black Panther
100%
Black Swan
100%
Braveheart
100%
Bad Boys
91%
Barbie
91%
Beauty and the Beast
91%
Brave
91%
Bee Movie
82%
Birdbox
82%
Bohemian Rhapsody
82%
Borat
82%
The Birds
82%
Baby Driver
73%
Bridget Jones Diary
73%
Bad Teacher
64%
Black Adam
64%
Black Widow
64%
Borderlands
64%
The Breakfast Club
64%
Blue Beetle
55%
Bullet Train
55%
Bedtime Stories
45%
Beetlejuice
45%
Bill and Teds Excellent Adventure
45%
The Black Phone
45%
The Blind Side
45%
Ballerina
36%
Barnyard
36%
Big Mommas House
36%
Birds of Prey
36%
Bourne Identity
36%
Bugsy Malone
27%
Beverly Hills Cop
18%
Because of Winn Dixie
9%
Big Trouble in Little China
9%
Boy Kills World
9%
Bride and Prejudice
9%
Back in Action
0%
Beautiful Disaster
0%
Believe Me
0%
Blink Twice
0%
Blue Mountain State
0%
Boss Level
0%
Brewsters Millions
0%
Bringing Up Baby
0%
No matching quizzes found
Score Distribution
Percent of People with Each Score
Percentile by Number Answered
Your Score History
You have not taken this quiz since the last reset